Hungarian Statistical Review (Record no. 6378)

MARC details
000 -LEADER
fixed length control field 00436nas a22001937i 4500
001 - CONTROL NUMBER
control field 7494
003 - CONTROL NUMBER IDENTIFIER
control field OSt
005 - DATE AND TIME OF LATEST TRANSACTION
control field 20181128165824.0
007 - PHYSICAL DESCRIPTION FIXED FIELD--GENERAL INFORMATION
fixed length control field tu
008 - FIXED-LENGTH DATA ELEMENTS--GENERAL INFORMATION
fixed length control field 161220s19499999hu ||||| |||| 00| 0 en d
022 ## - INTERNATIONAL STANDARD SERIAL NUMBER
International Standard Serial Number 0039-0690
024 7# - OTHER STANDARD IDENTIFIER
Standard number or code 7494
Source of number or code RID
024 7# - OTHER STANDARD IDENTIFIER
Standard number or code 7494
Source of number or code RSN (alt)
040 ## - CATALOGING SOURCE
Transcribing agency OSt
110 2# - MAIN ENTRY--CORPORATE NAME
Corporate name or jurisdiction name as entry element Hungarian Central Statistical Office
245 00 - TITLE STATEMENT
Title Hungarian Statistical Review
260 ## - PUBLICATION, DISTRIBUTION, ETC.
Place of publication, distribution, etc. Budapest,
Date of publication, distribution, etc. 1949-
942 ## - ADDED ENTRY ELEMENTS (KOHA)
Koha item type Journal
Holdings
Withdrawn status Lost status Damaged status Not for loan Home library Current library Shelving location Date acquired Inventory number Total Checkouts Barcode Date last seen Price effective from Koha item type
        WIIW WIIW Library 01/08/2007 7494   10003456 01/26/2017 01/26/2017 Journal
The Vienna Instiute for International Economic Studies (wiiw)